logo

Bir Sreshtho Munshi Abdur Rouf Library
Jhenaidah Cadet College

Beginning Xcode / (Record no. 6178)

MARC details
000 -LEADER
fixed length control field 00584nam a2200241 a 4500
001 - CONTROL NUMBER
JCCL Control Number 6178
003 - CONTROL NUMBER IDENTIFIER
JCCL marc code BD-JhCC
005 - DATE AND TIME OF LATEST TRANSACTION
control field 20180118125827.0
008 - FIXED-LENGTH DATA ELEMENTS--GENERAL INFORMATION
fixed length control field 180115s2006 u a|||| || | 000 0 eng d
020 ## - INTERNATIONAL STANDARD BOOK NUMBER
International Standard Book Number 9780471754794
020 ## - INTERNATIONAL STANDARD BOOK NUMBER
International Standard Book Number 047175479X
035 ## - SYSTEM CONTROL NUMBER
system control number (BD-JhCC)6178
040 ## - CATALOGING SOURCE
Original cataloging agency BD-JhCC
Modifying agency BD-JhCC
041 ## - LANGUAGE CODE
Language code of Book eng
082 ## - DEWEY DECIMAL CLASSIFICATION NUMBER
Classification number 005.1
Author mark and Year BUC 2006
100 ## - MAIN ENTRY--PERSONAL NAME
Personal name Bucanek, James
245 ## - TITLE STATEMENT
Title Beginning Xcode /
Statement of responsibility, etc James Bucanek,
260 ## - PUBLICATION, DISTRIBUTION, ETC. (IMPRINT)
Place of publication, distribution, etc USA :
Name of publisher, distributor, etc Wiley Publishing, Inc.
Date of publication, distribution, etc 2006
300 ## - PHYSICAL DESCRIPTION
Pagination 589 p. :
Dimensions 25 cm.
650 ## - SUBJECT ADDED ENTRY--TOPICAL TERM
Topical term or geographic name as entry element Computer
942 ## - ADDED ENTRY ELEMENTS (KOHA)
Source of classification or shelving scheme Dewey Decimal Classification
Koha item type Books
Holdings
Source of classification or shelving scheme Damaged status Not for loan Home library Current library Shelving location Date of accession Total Checkouts Full call number Barcode Date last seen Copy number Koha item type
Dewey Decimal Classification     JCC Rouf Library JCC Rouf Library General Stacks 01/15/2018   005.1 BUC 2006 382 01/15/2018 C-1 Books

JCC Library | Contacts | JCC Home

Last Update on 23 September 2017
Copyright @ 2017-2020 JCC Rouf Library
Rouf Library, Jhenidah Cadet College (JCC), Bangladesh